[Event "Biella op-A 4th"]
[Site "Biella"]
[Date "2013.09.29"]
[Round "4"]
[White "Damia, Angelo"]
[Black "Marinone, Lucio"]
[Result "1-0"]
[WhiteElo "2227"]
[BlackElo "1970"]
[PlyCount "65"]
[EventDate "2013.09.27"]
[EventType "swiss"]
[EventRounds "5"]
[EventCountry "ITA"]
[SourceTitle "CBM 156 Extra"]
[Source "ChessBase"]
[SourceDate "2013.10.22"]
[SourceVersion "1"]
[SourceVersionDate "2013.10.22"]
[SourceQuality "1"]

1. e4 c5 2. d4 cxd4 3. c3 Nf6 4. e5 Nd5 5. cxd4 d6 6. Nf3 Nc6 7. Bc4 Nb6 8. Bb5 a6 9. Bxc6+ bxc6 10. Qc2 Qc7 11. exd6 exd6 12. 0-0 Be7 13. Bg5 f6 14. Bd2 Nd5 15. Rc1 Bd7 16. Qe4 Rc8 17. Nc3 Nxc3 18. Rxc3 d5 19. Qe2 Kf7 20. Qxa6 Ra8 21. Qd3 Rhb8 22. Qxh7 Rh8 23. Qd3 Bd6 24. g3 Rh5 25. Nh4 f5 26. f4 Rb8 27. Nf3 Rxb2 28. Rb3 Rxb3 29. axb3 Rh8 30. Ng5+ Kf6 31. Re1 Qb7 32. Qe2 Qxb3 33. Qe6+ 1-0

[Event "Biella op-A 2nd"]
[Site "Biella"]
[Date "2011.09.23"]
[Round "1"]
[White "Dgebuadze, Alexandre"]
[Black "Marinone, Lucio"]
[Result "1-0"]
[WhiteElo "2544"]
[BlackElo "2002"]
[PlyCount "57"]
[EventDate "2011.09.23"]
[EventType "swiss"]
[EventRounds "5"]
[EventCountry "ITA"]
[SourceTitle "CBM 144 Extra"]
[Source "ChessBase"]
[SourceDate "2011.10.28"]
[SourceVersion "1"]
[SourceVersionDate "2011.10.28"]
[SourceQuality "1"]

1. e4 c5 2. Nf3 d6 3. d4 cxd4 4. Qxd4 a6 5. Be3 Nc6 6. Qd2 Nf6 7. Nc3 e6 8. 0-0-0 Be7 9. Bf4 e5 10. Bg5 Bg4 11. h3 Bxf3 12. gxf3 Nd4 13. Bg2 Qa5 14. Kb1 Rc8 15. h4 h6 16. Be3 Ne6 17. Bh3 Rc4 18. Rhg1 Nh5 19. Qd3 b5 20. Nd5 Nef4 21. Nxf4 Nxf4 22. Bxf4 Rd4 23. Bd2 Rxd3 24. Bxa5 Rxf3 25. Rg3 Rxf2 26. Rxg7 Rh2 27. Bf5 Rxh4 28. Bc7 Kf8 29. Rgg1 1-0

[Event "Milan Epiphany op"]
[Site "Milan"]
[Date "2010.01.05"]
[Round "5"]
[White "Marinone, Lucio"]
[Black "Colombo, Luca"]
[Result "1-0"]
[WhiteElo "1997"]
[BlackElo "1874"]
[PlyCount "99"]
[EventDate "2010.01.02"]
[EventType "swiss"]
[EventRounds "7"]
[EventCountry "ITA"]
[SourceTitle "EXT 2024"]
[Source "ChessBase"]
[SourceDate "2023.10.10"]
[SourceVersion "1"]
[SourceVersionDate "2023.10.10"]
[SourceQuality "1"]

1. d4 Nf6 2. c4 e5 3. dxe5 Ng4 4. Nf3 Bc5 5. e3 Nc6 6. Be2 Ncxe5 7. Nxe5 Nxe5 8. 0-0 a5 9. Nc3 0-0 10. Ne4 d6 11. Nxc5 dxc5 12. b3 Qe7 13. Bb2 Ra6 14. Qd5 Re6 15. Rad1 c6 16. Qd2 Rg6 17. Bxe5 Qxe5 18. f4 Qe7 19. Bf3 Bg4 20. Bxg4 Rxg4 21. Rfe1 Qe4 22. Re2 Re8 23. Qd3 Qxd3 24. Rxd3 h5 25. Kf2 Re7 26. Red2 Rg6 27. Rd7 Rge6 28. Rxe7 Rxe7 29. Kf3 f5 30. Rd8+ Kf7 31. Ra8 b6 32. Rb8 a4 33. Rxb6 axb3 34. axb3 Re6 35. Rb7+ Kf6 36. Ra7 g5 37. Ra5 g4+ 38. Ke2 h4 39. Rxc5 Kg6 40. b4 Rf6 41. Ra5 Kf7 42. Ra6 Ke7 43. b5 Kd7 44. Rxc6 Rxc6 45. bxc6+ Kxc6 46. Kd3 Kc5 47. Kc3 Kd6 48. Kd4 Ke6 49. c5 h3 50. g3 1-0

[Event "Robecchetto op-A 19th"]
[Site "Robecchetto"]
[Date "2008.12.30"]
[Round "6"]
[White "Bemporad, Filippo"]
[Black "Marinone, Lucio"]
[Result "1/2-1/2"]
[WhiteElo "2055"]
[BlackElo "2008"]
[PlyCount "84"]
[EventDate "2008.12.27"]
[EventType "swiss"]
[EventRounds "6"]
[EventCountry "ITA"]
[SourceTitle "EXT 2011"]
[Source "ChessBase"]
[SourceDate "2010.11.26"]
[SourceVersion "1"]
[SourceVersionDate "2010.11.26"]
[SourceQuality "1"]

1. d4 Nf6 2. Nf3 g6 3. c4 Bg7 4. Nc3 d5 5. cxd5 Nxd5 6. Qb3 c6 7. e4 Nxc3 8. bxc3 0-0 9. Be2 Qc7 10. 0-0 Nd7 11. Bg5 e5 12. Rad1 exd4 13. cxd4 Nf6 14. Qe3 Re8 15. Bd3 Be6 16. Bb1 Rac8 17. Rfe1 b5 18. Rc1 Qb8 19. h3 a5 20. Bh6 Nd7 21. Bxg7 Kxg7 22. d5 cxd5 23. Qd4+ Nf6 24. exd5 Bxd5 25. Nd2 Rxc1 26. Rxc1 Qe5 27. Qxe5 Rxe5 28. Kf1 Be6 29. Bd3 Bxa2 30. Ra1 Be6 31. Rxa5 Rd5 32. Ke2 b4 33. Ra4 b3 34. Rb4 Re5+ 35. Kf1 Nd5 36. Rb5 f6 37. Nxb3 Nc3 38. Rb6 Na4 39. Rb4 Nb2 40. Be2 Na4 41. Nd4 Nc3 42. Bd3 Bd5 1/2-1/2

[Event "Robecchetto op-A 19th"]
[Site "Robecchetto"]
[Date "2008.12.28"]
[Round "3"]
[White "Mancin, Mariano"]
[Black "Marinone, Lucio"]
[Result "1-0"]
[WhiteElo "1894"]
[BlackElo "2008"]
[PlyCount "87"]
[EventDate "2008.12.27"]
[EventType "swiss"]
[EventRounds "6"]
[EventCountry "ITA"]
[SourceTitle "EXT 2011"]
[Source "ChessBase"]
[SourceDate "2010.11.26"]
[SourceVersion "1"]
[SourceVersionDate "2010.11.26"]
[SourceQuality "1"]

1. e4 c5 2. Nc3 a6 3. g3 b5 4. Bg2 Bb7 5. d3 e6 6. Nf3 d5 7. exd5 b4 8. dxe6 fxe6 9. Nb1 Bd6 10. Bg5 Nf6 11. Nbd2 Nbd7 12. Nc4 Qe7 13. Nxd6+ Qxd6 14. Qe2 0-0-0 15. 0-0-0 Bd5 16. Kb1 a5 17. Bxf6 gxf6 18. Nh4 Nb6 19. Rhe1 Rhe8 20. f4 a4 21. d4 c4 22. Nf3 Rd7 23. f5 Ra7 24. fxe6 Rxe6 25. Bh3 Rae7 26. Nh4 Kc7 27. Bxe6 Rxe6 28. Qg4 c3 29. Qf4 b3 30. axb3 axb3 31. Rxe6 Bxe6 32. Qxd6+ Kxd6 33. bxc3 Na4 34. Rd3 Bd5 35. cxb3 Be4 36. Kc2 Nb2 37. Kxb2 Bxd3 38. Nf3 Kd5 39. Nd2 f5 40. Kc1 h5 41. Kd1 Ba6 42. Ke1 Bd3 43. Kf2 Ba6 44. Ke3 1-0

[Event "Robecchetto op"]
[Site "Robecchetto"]
[Date "2006.12.27"]
[Round "2"]
[White "Canto, G."]
[Black "Marinone, Lucio"]
[Result "0-1"]
[WhiteElo "1819"]
[BlackElo "1980"]
[PlyCount "46"]
[EventDate "2006.12.27"]
[EventType "swiss"]
[EventRounds "6"]
[EventCountry "ITA"]
[SourceTitle "CBM 116 Extra"]
[Source "ChessBase"]
[SourceDate "2007.03.07"]
[SourceVersion "1"]
[SourceVersionDate "2007.03.07"]
[SourceQuality "1"]

1. e4 d6 2. d4 Nf6 3. Nc3 c6 4. Be3 Nbd7 5. Nf3 e5 6. Qd2 Be7 7. 0-0-0 0-0 8. h3 b5 9. Bd3 a6 10. g4 Qc7 11. g5 Nh5 12. Ne2 c5 13. dxc5 dxc5 14. Ng3 Nxg3 15. fxg3 Rd8 16. Qf2 Bb7 17. Rhf1 c4 18. Be2 Nc5 19. Rxd8+ Rxd8 20. Nxe5 Qxe5 21. Qxf7+ Kh8 22. Rf5 Qxe4 23. Bxc5 Qxe2 0-1

[Event "Milan Crespi op 27th"]
[Site "Milan"]
[Date "2006.12.08"]
[Round "2"]
[White "Marinone, Lucio"]
[Black "Barlocco, Carlo"]
[Result "1-0"]
[WhiteElo "1980"]
[BlackElo "2198"]
[PlyCount "101"]
[EventDate "2006.12.07"]
[EventType "swiss"]
[EventRounds "6"]
[EventCountry "ITA"]
[SourceTitle "EXT 2008"]
[Source "ChessBase"]
[SourceDate "2007.11.25"]
[SourceVersion "1"]
[SourceVersionDate "2007.11.25"]
[SourceQuality "1"]

1. d4 b6 2. Nf3 Bb7 3. c4 e6 4. e3 Nf6 5. Bd3 c5 6. Nc3 cxd4 7. exd4 Bb4 8. 0-0 h6 9. Bd2 0-0 10. a3 Be7 11. Qe2 d5 12. cxd5 Nxd5 13. Qe4 g6 14. Bxh6 Re8 15. Rac1 Nd7 16. Nxd5 Bxd5 17. Qf4 Bxf3 18. Qxf3 Bf6 19. Rfd1 Nf8 20. Bb5 Nh7 21. Bxe8 Qxe8 22. Bf4 Rd8 23. Be5 Bg7 24. Bxg7 Kxg7 25. d5 e5 26. Rc7 Nf6 27. d6 Qe6 28. Re7 Qa2 29. Qe2 Nd7 30. Qb5 Nc5 31. Qe2 Nd7 32. Rc1 Qd5 33. Qd1 Qxd1+ 34. Rxd1 Kf6 35. b4 a5 36. Rc1 axb4 37. axb4 Nb8 38. Rcc7 Rxd6 39. Rxf7+ Kg5 40. g3 Rd1+ 41. Kg2 Na6 42. h4+ Kh5 43. Rh7+ Kg4 44. f3+ Kf5 45. Rhf7+ Ke6 46. Rce7+ Kd6 47. Rd7+ Ke6 48. Rxd1 Kxf7 49. b5 Nc5 50. Rd6 Na4 51. Kh3 1-0

[Event "Bresso op 5th"]
[Site "Bresso"]
[Date "2006.06.17"]
[Round "4"]
[White "Marinone, Lucio"]
[Black "Favoni, Matteo"]
[Result "1/2-1/2"]
[WhiteElo "1940"]
[BlackElo "1440"]
[PlyCount "115"]
[EventDate "2006.06.15"]
[EventType "swiss"]
[EventRounds "6"]
[EventCountry "ITA"]
[SourceTitle "EXT 2024"]
[Source "ChessBase"]
[SourceDate "2023.10.10"]
[SourceVersion "1"]
[SourceVersionDate "2023.10.10"]
[SourceQuality "1"]

1. d4 Nf6 2. c4 g6 3. Nf3 Bg7 4. e3 0-0 5. Be2 d5 6. 0-0 c5 7. Ne5 dxc4 8. Bxc4 cxd4 9. exd4 Nfd7 10. Bf4 Nxe5 11. Bxe5 Bh6 12. d5 Nd7 13. Bg3 Bg7 14. Nc3 Nb6 15. Bb3 Bf5 16. Qf3 Qd7 17. h3 Rac8 18. Rfe1 Nc4 19. Bxc4 Rxc4 20. Be5 f6 21. Bh2 g5 22. Qe2 Rb4 23. Rad1 Rc8 24. Rd2 Bg6 25. Qe6+ Qxe6 26. dxe6 Kf8 27. g4 f5 28. gxf5 Bxf5 29. Re3 Bf6 30. Rde2 Rc6 31. Nd5 Rb5 32. Nxf6 exf6 33. e7+ Ke8 34. Rd2 Re6 35. Rxe6 Bxe6 36. Bd6 Bxh3 37. b4 Bd7 38. Bc5 b6 39. a4 Rxc5 40. bxc5 bxc5 41. Rc2 Bxa4 42. Rxc5 Kxe7 43. Rc7+ Bd7 44. Rxa7 h5 45. Kg2 Ke6 46. f4 Bc6+ 47. Kg3 g4 48. Ra5 f5 49. Kh4 Be4 50. Kxh5 g3 51. Kh4 g2 52. Ra1 Kd5 53. Kg3 Kd4 54. Ra4+ Ke3 55. Ra3+ Kd4 56. Ra4+ Kd5 57. Kf2 Ke6 58. Ra6+ 1/2-1/2

[Event "Bresso op 5th"]
[Site "Bresso"]
[Date "2006.06.16"]
[Round "2"]
[White "Marinone, Lucio"]
[Black "Cazzaniga, Walter"]
[Result "0-1"]
[WhiteElo "1940"]
[BlackElo "2134"]
[PlyCount "70"]
[EventDate "2006.06.15"]
[EventType "swiss"]
[EventRounds "6"]
[EventCountry "ITA"]
[SourceTitle "CBM 112 Extra"]
[Source "ChessBase"]
[SourceDate "2006.07.14"]
[SourceVersion "1"]
[SourceVersionDate "2006.07.14"]
[SourceQuality "1"]

1. d4 Nf6 2. c4 g6 3. Nc3 Bg7 4. e4 d6 5. Nge2 0-0 6. Ng3 e5 7. d5 a5 8. h4 h6 9. Be2 Na6 10. Be3 Nc5 11. Qd2 Kh7 12. f3 Ne8 13. 0-0-0 Bd7 14. Nf1 f5 15. exf5 gxf5 16. g4 f4 17. Bxc5 dxc5 18. Qc2+ Kh8 19. g5 Nd6 20. Nd2 Nf5 21. Rdg1 Ra6 22. Nde4 Qe7 23. Bd3 Nd4 24. Qg2 Bf5 25. Na4 b6 26. Nac3 Raa8 27. Qf1 Rad8 28. h5 hxg5 29. d6 cxd6 30. Nd5 Qe6 31. h6 Bf6 32. Nexf6 Rxf6 33. Nxf6 Qxf6 34. h7 Rd7 35. Rh5 Rg7 0-1